00456 2200193 4500001002100000005001500021008004100036020002200077035001900099041000700118082000800125090001400133100001500147245001600162260001700178300002800195500001100223650002800234INLIS00000000000321920241224112701241224||||||||| | ||| |||| || |  a978-602-8023-18-4 0010-1224003219 aid0 a922 a922 TIM l0 aTim Nuansa00aLeo Tolstoy bNuansac2009 a76 hlm. : ilus. ; 21 cm aCet. 1 0aIlmu Sejarah & Biografi